00666nam a2200193Ia 4500001002400000003000900024008004100033040002300074041001300097100005100110240003700161245002900198250001500227260002600242300001900268490004200287501012400329700001900453270.8-GRE ni om (21582)IT-MiSPE171229s9999||||xx |||||||||||||| ||und|| aIT-MiSPEcIT-MiSPE aITALIANO aGregorio di Nissa (Grégoire de Nysse)gsanto aOrationes VIII de Beatitudinibus 0aOmelie sulle Beatitudini a1a ed. (v) aMilanobPaolinec2011 a401 p. c20 cm aLetture cristiane del I millenniov47 aEdizioni San Paolo srl - Piazza Soncino, 5 - 20092 CINISELLO BALSAMO (MI) (non commercial uses only) ® Copyright 2018 aChiara Somenzi